Thermodynamics (Record no. 1284)

000 -LEADER
fixed length control field 00633nam a22002294a 4500
001 - CONTROL NUMBER
control field 1284
003 - CONTROL NUMBER IDENTIFIER
control field BD-DhUET
008 - FIXED-LENGTH DATA ELEMENTS--GENERAL INFORMATION
fixed length control field 010119s2002 maua 001 0 eng
020 ## - INTERNATIONAL STANDARD BOOK NUMBER
International Standard Book Number 0070606595
040 ## - CATALOGING SOURCE
Original cataloging agency DLC
Transcribing agency DLC
Modifying agency BD-DhUET
082 00 - DEWEY DECIMAL CLASSIFICATION NUMBER
Classification number 621.01
Item number CEN/2006
100 1# - MAIN ENTRY--PERSONAL NAME
Personal name Çengel, Yunus A.
245 10 - TITLE STATEMENT
Title Thermodynamics
Remainder of title an engineering approach
250 ## - EDITION STATEMENT
Edition statement 5th ed.
260 ## - PUBLICATION, DISTRIBUTION, ETC. (IMPRINT)
Place of publication, distribution, etc. New Delhi
Name of publisher, distributor, etc. Tata McGraw-Hill
Date of publication, distribution, etc. 2006
300 ## - PHYSICAL DESCRIPTION
Extent xxxii, 946p.
Other physical details ill.
490 1# - SERIES STATEMENT
Series statement McGraw-Hill series in mechanical engineering
504 ## - BIBLIOGRAPHY, ETC. NOTE
Bibliography, etc Includes bibliographies

650 #0 - SUBJECT ADDED ENTRY--TOPICAL TERM
Topical term or geographic name as entry element Thermodynamics
700 1# - ADDED ENTRY--PERSONAL NAME
Personal name Boles, Michael A.
942 ## - ADDED ENTRY ELEMENTS (KOHA)
Koha item type General Book
Holdings
Copy number Sublocation or collection (holding branch) Withdrawn status Koha item type Date acquired Koha date last borrowed Koha date last seen Koha full call number Location (home branch) Koha out on loan Shelving location Source of classification or shelving scheme Koha normalized classification for sorting Lost status Not for loan Price effective from Piece designation (barcode) Damaged status Koha issues (times borrowed)
1Central Library, BUET General Book2014-09-022026-04-222026-04-22621.01/CEN/2006Central Library, BUET2026-05-06Circulation section 621_000000000000000_01CEN2006  2014-09-02103975 10
2Central Library, BUET General Book2014-09-022018-11-052018-11-05621.01/CEN/2006Central Library, BUET2018-11-19Circulation section 621_000000000000000_01CEN2006  2014-09-02103976 11
3Central Library, BUET General Book2014-09-232016-03-012016-03-01621.01/CEN/2006Central Library, BUET2017-03-01Circulation section 621_000000000000000_01CEN2006  2014-09-23103977 3
4Central Library, BUET General Book2015-09-072026-03-302026-03-30621.01/CEN/2006Central Library, BUET2026-04-13Circulation section 621_010000000000000_CEN_2006  2015-09-07103978 23